LEADER 01699nam 22005655u 450 001 9910156317803321 005 20211006145353.0 010 $a9783318032635 010 $a3318032638 035 $a(CKB)3780000000102175 035 $a(OCoLC)1004969320 035 $a(SZ-BaSKA)222132 035 $a(MiAaPQ)EBC31865911 035 $a(Au-PeEL)EBL31865911 035 $a(EXLCZ)993780000000102175 100 $a20211006d1991 uy 0 101 0 $aeng 135 $aurunu||||| 181 $ctxt$2rdacontent 182 $cc$2rdamedia 183 $acr$2rdacarrier 200 10$aThe Development of Intentional Action : $eCognitive, Motivational and Interactive Processes / $f editor, M. Bullock 205 $a1st ed. 210 $aBasel : $cS. Karger, $d1991 215 $a1 online resource (X + 84 pages) : $c 3 tables 225 0 $aContributions to Human Development, $x1664-2570 ; $vVol.22 311 08$a9783805554114 311 08$a3805554117 410 0$aIssn Series 517 $aDevelopment of Intentional Action 606 $aPsychology 606 $aBehavioral Research 606 $aPediatrics 606 $aPsychiatry 606 $aSociology 615 14$aPsychology 615 24$aBehavioral Research 615 24$aPediatrics 615 24$aPsychiatry 615 24$aSociology 676 $a155.4/138 700 $aBullock$b M 701 0$aBullock$b Merry$01233877 712 02$aInternational Society for the Study of Behavioral Development.$bMeeting$f(1987 :$eTokyo, Japan) 801 0$bUKSKG 801 1$bUKSKG 906 $aBOOK 912 $a9910156317803321 996 $aThe Development of Intentional Action$92865832 997 $aUNINA